[Event "HUN-chT2 Erkel 1011"]
[Site "Hungary"]
[Date "2011.05.15"]
[Round "11.7"]
[White "Novaky, Csaba"]
[Black "Kiss, Pal Vac"]
[Result "1/2-1/2"]
[WhiteElo "2113"]
[BlackElo "2057"]
[PlyCount "53"]
[EventDate "2010.09.12"]
[EventType "team-tourn"]
[EventRounds "11"]
[EventCountry "HUN"]
[SourceTitle "EXT 2012"]
[Source "ChessBase"]
[SourceDate "2011.11.24"]
[SourceVersion "1"]
[SourceVersionDate "2011.11.24"]
[SourceQuality "1"]
[WhiteTeam "Barcza"]
[BlackTeam "Vaci"]
[WhiteTeamCountry "HUN"]
[BlackTeamCountry "HUN"]

1. e4 c5 2. Nf3 d6 3. b3 e5 4. Bc4 Be6 5. Bxe6 fxe6 6. 0-0 Be7 7. c3 Nc6 8. Bb2 Bf6 9. Na3 Nge7 10. Qe2 0-0 11. Rfd1 Ng6 12. d4 exd4 13. cxd4 Qe7 14. e5 dxe5 15. dxe5 Bg5 16. g3 Rf7 17. Rd3 Nb4 18. Rd6 Raf8 19. Nxg5 Qxg5 20. Rd2 Rxf2 21. Qxf2 Rxf2 22. Rxf2 Nd3 23. Rg2 Qe3+ 24. Kf1 Qf3+ 25. Kg1 Qe3+ 26. Kf1 Qf3+ 27. Kg1 1/2-1/2